Philippine Beautiful Places to Visit - Statistics

General Stats
  • This quiz has been taken 107 times
  • The average score is 10 of 15
Answer Stats
Hint Answer % Correct
Chocolate Hills Bohol
96%
Puerto Princesa Subterranean River, one of new seven wonders of nature Palawan
96%
Magellan's Cross Cebu
88%
Mayon Volcano Albay
84%
San Juanico Bridge Samar/ Leyte
78%
Pagsanjan Falls Laguna
73%
Boracay Island Aklan
71%
Baguio City Benguet
69%
Vigan, one of new seven wonders of cities Ilocos Sur
68%
Banaue Rice Terraces, Eight wonders of the world Ifugao
59%
Mt. Pinatubo Zambales
56%
Puerto Galera City Oriental Mindoro
46%
Land of Ivatan Batanes
45%
Mt. Apo Davao Del Sur/ Cotabato
42%
Ma. Christina Falls Lanao Del Norte
33%
No matching quizzes found
Score Distribution
Percent of People with Each Score
Percentile by Number Answered
Your Score History
You have not taken this quiz